Final Fantasy ALL Main Series Party Characters - Statistics

General Stats
  • This quiz has been taken 1,552 times
    1,530 since last reset
  • The average score is 55 of 91
Answer Stats
Game Character % Correct
Final Fantasy VII Cloud Strife
96%
Final Fantasy VII Tifa Lockhart
93%
Final Fantasy VII Aerith Gainsborough
92%
Final Fantasy VII Barret Wallace
89%
Final Fantasy VII Cid Highwind
87%
Final Fantasy IV Cid Pollendina
87%
Final Fantasy X Tidus
87%
Final Fantasy XIII Oerba Yun Fang
85%
Final Fantasy VII Red XIII/Nanaki
84%
Final Fantasy VII Yuffie Kisaragi
84%
Final Fantasy XIII Lightning
82%
Final Fantasy VIII Squall Leonhart
82%
Final Fantasy VII Vincent Valentine
82%
Final Fantasy X Yuna
82%
Final Fantasy VII Cait Sith
78%
Final Fantasy IX Zidane Tribal
78%
Final Fantasy VI Terra Branford
77%
Final Fantasy X Wakka
76%
Final Fantasy I Fighter
75%
Final Fantasy X Rikku
73%
Final Fantasy XII Vaan
73%
Final Fantasy IX Vivi Ornitier
73%
Final Fantasy X Auron
72%
Final Fantasy I Black Mage
72%
Final Fantasy X Lulu
72%
Final Fantasy I White Mage
71%
Final Fantasy XV Noctis Lucis Caelum
70%
Final Fantasy IV Porom
70%
Final Fantasy IV Cecil Harvey
69%
Final Fantasy IX Garnet Til Alexandros XVII/Dagger
69%
Final Fantasy VIII Rinoa Heartily
67%
Final Fantasy XIII Snow Villiers
66%
Final Fantasy I Thief
66%
Final Fantasy X Kimahri Ronso
65%
Final Fantasy I Red Mage
65%
Final Fantasy IX Adelbert Steiner
64%
Final Fantasy V Bartz Klauser
64%
Final Fantasy IV Kain/Cain Highwind
64%
Final Fantasy VI Locke Cole
63%
Final Fantasy VIII Selphie Tilmitt
63%
Final Fantasy VIII Quistis Trepe
62%
Final Fantasy I Monk
61%
Final Fantasy VI Celes Chere
60%
Final Fantasy VIII Zell Dincht
60%
Final Fantasy VI Edgar Roni Figaro
58%
Final Fantasy VI Shadow
58%
Final Fantasy XII Balthier
57%
Final Fantasy XIII Hope Estheim
57%
Final Fantasy XIII Oerba dia Vanille
57%
Final Fantasy VI Sabin Rene Figaro
56%
Final Fantasy XII Fran
55%
Final Fantasy IX Freya Crescent
55%
Final Fantasy XV Ignis Scientia
55%
Final Fantasy XV Prompto Argentum
55%
Final Fantasy IV Rosa Farrell
55%
Final Fantasy XV Gladiolus Amicitia
54%
Final Fantasy VI Mog
54%
Final Fantasy XII Penelo
54%
Final Fantasy IX Quina Quen
54%
Final Fantasy IV Rydia
54%
Final Fantasy XII Ashelia B'nargin Dalmasca
53%
Final Fantasy VI Setzer Gabbiani
53%
Final Fantasy IV Edge
52%
Final Fantasy IX Eiko Carol
52%
Final Fantasy VIII Irvine Kinneas
52%
Final Fantasy IV Yang Fang Leiden
52%
Final Fantasy II Firion
51%
Final Fantasy IV Palom
51%
Final Fantasy XIII Sazh Katzroy
50%
Final Fantasy IX Amarant Coral
49%
Final Fantasy XII Basch fon Ronsenburg
49%
Final Fantasy VI Cyan Garamonde
49%
Final Fantasy VI Gau
49%
Final Fantasy IV Edward Chris von Muir
45%
Final Fantasy V Faris Scherwiz
45%
Final Fantasy V Galuf Baldesion
45%
Final Fantasy II Guy
45%
Final Fantasy II Maria
45%
Final Fantasy II Leon
44%
Final Fantasy VI Umaro
44%
Final Fantasy V Lenna Tycoon
42%
Final Fantasy VI Relm Arrowny
42%
Final Fantasy IV Tellah the Sage
42%
Final Fantasy VI Gogo
41%
Final Fantasy VI Strago Magus
41%
Final Fantasy III Luneth
38%
Final Fantasy IV Fusoya
36%
Final Fantasy III Arc
35%
Final Fantasy V Krile Baldesion
35%
Final Fantasy III Ingus
30%
Final Fantasy III Refia
30%
No matching quizzes found
Score Distribution
Percent of People with Each Score
Percentile by Number Answered
Your Score History
You have not taken this quiz since the last reset